| 000 | 01463nam a2200409 a 4500 | ||
|---|---|---|---|
| 001 | 000006483 | ||
| 003 | DO-SdBPM | ||
| 005 | 20251217074201.0 | ||
| 007 | ta | ||
| 008 | 090831s2003 dr 000 0 spa d | ||
| 040 |
_aDO-SdBPM _bspa _cBPMSU _drda |
||
| 049 | _a | ||
| 082 | 4 |
_a324.64 _bS623e 2003 _222 |
|
| 245 | 0 | 0 |
_aSistema electoral y partidos políticos / _cRafael Toribio ...[y otros]; presentación Thomas Manz ; coordinadora Jacqueline Jiménez Polanco. |
| 264 |
_aSanto Domingo : _bFundación Friederich Ebert Stifrung, _c2003. |
||
| 300 |
_a79 páginas. ; _c22 cm. |
||
| 336 |
_atexto _btxt _2rdacontent |
||
| 337 |
_asin mediación _bn _2rdamedia |
||
| 338 |
_avolumen _bnc _2rdacarrier |
||
| 490 | 0 |
_aPolítica y ciudadanía, _v1 |
|
| 500 | _aIncluye referencias bibliográficas y notas al pie de las páginas | ||
| 590 | _aInventariado,2025/VM | ||
| 650 | 7 | _aParticipación política | |
| 650 | 7 |
_aPartidos políticos _zRepública Dominicana |
|
| 650 | 7 |
_aElecciones _zRepública Dominicana |
|
| 650 | z |
_aDominican Republic _xPolitics and government |
|
| 651 | 7 |
_aRepública Dominicana _xPolítica y gobierno |
|
| 700 | 1 | _aToribio, Rafael | |
| 700 | 1 | _aDuarte, Isis | |
| 700 | 1 | _aCastillo, José del | |
| 700 | 1 | _aCatraín, Pedro | |
| 700 | 1 | _aArtiles, Leopoldo | |
| 700 | 1 | _aPérez Nuñez, César | |
| 700 | 1 |
_aJiménez Polanco, Jacqueline, _ecoordinador |
|
| 910 | _aVMateo V. Control de calidad.BPMSU | ||
| 942 |
_2ddc _cBK |
||
| 999 |
_c15582 _d15582 |
||